000 01908nam0a2200373 4500
001 RU\NLR\bibl\842433
005 20260407080130.0
010 _a5-89123-918-3
_95000
021 _aRU
_b2005-50514
_92461
035 _a(NLR Aleph) 000831255
090 _a1362234
_c1362234
100 _a20050919d2005 |||y0rusy50 ca
101 0 _arus
102 _aRU
105 _ay |||||||||
200 1 _aЕвропейское право
_eправо Европейского Союза и правовое обеспечение защиты прав человека
_eучебник для вузов
_f[Каргалова М.В., д.ист.н., Козлов Е.Ю., Корогод С.О., преп. и др.]
_gотв. ред. - д.ю.н., проф. Л.М. Энтин
_gМоск. гос. ин-т междунар. отношений (Ун-т) МИД России, Ин-т европ. права
205 _a2-е изд., пересмотр. и доп.
210 _aМосква
_cНорма
_d2005
215 _a939 с.
_d22
300 _aАвт. указаны на с. V
320 _aБиблиогр.: с. 937-939
606 1 _aПраво
_jУчебники для высших учебных заведений
_yСтраны Европейского Союза
_92173565
_3RU\NLR\auth\661307354
686 _aХ915.232.5я73
701 1 _aКаргалова
_bМ. В.
_gМарина Викторовна
_4070
701 1 _aКозлов
_bЕ. Ю.
_4070
701 1 _aКорогод
_bС. О.
_4070
702 1 _aЭнтин
_bЛ. М.
_gЛев Матвеевич
_4340
712 0 2 _4570
_aЕвропейский союз
_9280954
_3RU\NLR\AUTH\884706
712 0 2 _4570
_aИнститут европейского права
_cМосква
_9555688
_3RU\NLR\AUTH\8810028567
801 0 _aRU
_bNLR
_c20050919
_grcr
801 1 _aRU
_bNLR
_c20050919
942 _cBOOK
980 _aNB